[Event "ESP-ch U16"]
[Site "Granada"]
[Date "2016.07.18"]
[Round "1"]
[White "Nieves Cabanes, Jose Manuel"]
[Black "Serra Ujaldon, Pau"]
[Result "1-0"]
[WhiteElo "2215"]
[BlackElo "1825"]
[PlyCount "73"]
[EventDate "2016.07.18"]
[EventType "swiss"]
[EventRounds "9"]
[EventCountry "ESP"]
[SourceTitle "EXT 2024"]
[Source "ChessBase"]
[SourceDate "2023.10.10"]
[SourceVersion "1"]
[SourceVersionDate "2023.10.10"]
[SourceQuality "1"]

1. d4 Nf6 2. c4 g6 3. Nc3 Bg7 4. e4 d6 5. Be2 0-0 6. Bg5 h6 7. Bh4 a6 8. Nf3 Nbd7 9. 0-0 c5 10. d5 b5 11. cxb5 axb5 12. Bxb5 Ba6 13. Re1 Bxb5 14. Nxb5 Ng4 15. Qc2 Qa5 16. a4 Rfb8 17. Nd2 g5 18. Bg3 Nb6 19. Nc3 Ne5 20. Reb1 Nec4 21. Nb3 Qb4 22. Nc1 Nd7 23. h4 Nxb2 24. N1e2 Qb3 25. Qc1 Rb4 26. hxg5 hxg5 27. Qxg5 Nf6 28. e5 dxe5 29. Bxe5 Rg4 30. Qf5 e6 31. dxe6 fxe6 32. Qf3 Rf8 33. Ra2 Rb4 34. Raxb2 Qxb2 35. Rxb2 Rxb2 36. Qc6 Kf7 37. a5 1-0

[Event "Xeraco Region-ch"]
[Site "Xeraco"]
[Date "2015.11.07"]
[Round "5.1"]
[White "Serra Ujaldon, Pau"]
[Black "Frasquet Solbes, Elias"]
[Result "1/2-1/2"]
[WhiteElo "1938"]
[BlackElo "2154"]
[PlyCount "71"]
[EventDate "2015.10.03"]
[EventType "swiss"]
[EventRounds "7"]
[EventCountry "ESP"]
[SourceTitle "EXT 2024"]
[Source "ChessBase"]
[SourceDate "2023.10.10"]
[SourceVersion "1"]
[SourceVersionDate "2023.10.10"]
[SourceQuality "1"]

1. d4 Nf6 2. c4 e6 3. Nc3 Bb4 4. Qc2 Nc6 5. Nf3 d6 6. Bd2 0-0 7. a3 Bxc3 8. Bxc3 Qe7 9. e3 e5 10. d5 Nb8 11. Bd3 Nbd7 12. Ng5 h6 13. Ne4 Nxe4 14. Bxe4 Nc5 15. Bf3 a5 16. b3 a4 17. b4 Nb3 18. Rb1 f5 19. 0-0 f4 20. Be4 Bd7 21. exf4 Rxf4 22. g3 Qg5 23. Kh1 Rxe4 24. Qxe4 Bf5 25. Qe3 Bxb1 26. Rxb1 Qxe3 27. fxe3 Rf8 28. Kg2 Rf6 29. Rf1 Rxf1 30. Kxf1 g5 31. Ke2 Kf7 32. Bb2 Kg6 33. g4 Kf6 34. Kd3 b6 35. h3 Kf7 36. Bc3 1/2-1/2

[Event "Provincial-ch Xeraco Preferente"]
[Site "Xeraco"]
[Date "2014.10.18"]
[Round "3.7"]
[White "Cortell Canet, Miguel"]
[Black "Serra Ujaldon, Pau"]
[Result "0-1"]
[WhiteElo "1785"]
[BlackElo "1671"]
[PlyCount "100"]
[EventDate "2014.09.27"]
[EventType "swiss"]
[EventRounds "7"]
[EventCountry "ESP"]
[SourceTitle "EXT 2024"]
[Source "ChessBase"]
[SourceDate "2023.10.10"]
[SourceVersion "1"]
[SourceVersionDate "2023.10.10"]
[SourceQuality "1"]

1. d4 Nf6 2. Nf3 c5 3. d5 d6 4. c4 b5 5. cxb5 a6 6. b6 Qxb6 7. Nc3 g6 8. e4 Bg7 9. Be2 0-0 10. 0-0 Nbd7 11. Qc2 Ng4 12. b3 Nge5 13. Bb2 Nxf3+ 14. Bxf3 Rb8 15. Na4 Qb4 16. Bxg7 Kxg7 17. Be2 a5 18. Rad1 Nf6 19. Nc3 Bd7 20. f4 Bg4 21. e5 Bxe2 22. exf6+ exf6 23. Nxe2 Rfe8 24. Qd3 Re7 25. Ng3 f5 26. Qc4 Qb7 27. Rfe1 Rbe8 28. Qc3+ Kg8 29. Rxe7 Qxe7 30. Kf2 Qh4 31. Qd2 Re4 32. Kg1 Rxf4 33. Re1 Rd4 34. Re8+ Kg7 35. Qc3 Kh6 36. Qc1+ Kg7 37. Qc3 Kh6 38. Rf8 Qf4 39. Qe1 Kg7 40. Ra8 Rxd5 41. Rxa5 Qd4+ 42. Kh1 Qd1 43. Qg1 f4 44. Ne4 Qc2 45. Nf2 Rd2 46. h3 Rxf2 47. Ra4 Qe2 48. Kh2 f3 49. Rg4 Rf1 50. Re4 f2 0-1

[Event "Benimodo op 9th"]
[Site "Benimodo"]
[Date "2014.10.11"]
[Round "5"]
[White "Serra Ujaldon, Pau"]
[Black "Rubio Tent, Francisco"]
[Result "0-1"]
[WhiteElo "1671"]
[BlackElo "2139"]
[PlyCount "52"]
[EventDate "2014.10.09"]
[EventType "swiss"]
[EventRounds "7"]
[EventCountry "ESP"]
[SourceTitle "EXT 2015"]
[Source "ChessBase"]
[SourceDate "2014.11.20"]
[SourceVersion "1"]
[SourceVersionDate "2014.11.20"]
[SourceQuality "1"]

1. d4 d5 2. c4 e6 3. Nc3 c5 4. cxd5 exd5 5. Nf3 Nc6 6. Bg5 f6 7. Bf4 Be6 8. e3 Qb6 9. Qb3 c4 10. Qxb6 axb6 11. Kd2 Bb4 12. Kc2 Nge7 13. Nb5 Bf5+ 14. Kd1 Kd7 15. a3 g5 16. Bg3 Ra5 17. Nc3 Bxc3 18. bxc3 Rha8 19. h4 g4 20. Nd2 Rxa3 21. Rxa3 Rxa3 22. f3 gxf3 23. gxf3 Rxc3 24. e4 dxe4 25. Nxc4 Nxd4 26. Nxb6+ Kc6 0-1

[Event "Provincial-ch Gandia Primera"]
[Site "Gandia"]
[Date "2013.11.02"]
[Round "4.3"]
[White "Sanmateu Juan, Sergio"]
[Black "Serra Ujaldon, Pau"]
[Result "0-1"]
[WhiteElo "1592"]
[BlackElo "1505"]
[PlyCount "64"]
[EventDate "2013.10.05"]
[EventType "swiss"]
[EventRounds "7"]
[EventCountry "ESP"]
[SourceTitle "EXT 2024"]
[Source "ChessBase"]
[SourceDate "2023.10.10"]
[SourceVersion "1"]
[SourceVersionDate "2023.10.10"]
[SourceQuality "1"]

1. e4 c5 2. Nc3 Nc6 3. g3 g6 4. Bg2 Bg7 5. d3 Nf6 6. f4 d6 7. Nf3 0-0 8. 0-0 a6 9. h3 b5 10. Qe1 Qb6 11. Be3 Nd4 12. Qf2 Nd7 13. Nxd4 cxd4 14. Nd5 dxe3 15. Nxe7+ Kh8 16. Qe2 Bb7 17. c3 Rfe8 18. Nd5 Bxd5 19. exd5 Nc5 20. Rf3 Na4 21. Rb1 Bxc3 22. b3 Nc5 23. Kh1 Nd7 24. f5 Bd4 25. fxg6 fxg6 26. Rbf1 Rf8 27. Rf7 Rxf7 28. Rxf7 Ne5 29. Re7 Rf8 30. Qc2 Qa5 31. Rxh7+ Kxh7 32. Qc7+ Qxc7 0-1

[Event "Provincial-ch Xativa Primera"]
[Site "Xativa"]
[Date "2012.11.10"]
[Round "5"]
[White "Ull Molina, Daniel"]
[Black "Serra Ujaldon, Pau"]
[Result "1-0"]
[WhiteElo "1580"]
[BlackElo "1463"]
[PlyCount "65"]
[EventDate "2012.10.06"]
[EventType "swiss"]
[EventRounds "7"]
[EventCountry "ESP"]
[SourceTitle "EXT 2024"]
[Source "ChessBase"]
[SourceDate "2023.10.10"]
[SourceVersion "1"]
[SourceVersionDate "2023.10.10"]
[SourceQuality "1"]

1. e4 e6 2. d4 d5 3. Nc3 Bb4 4. Bd3 Nf6 5. e5 Ne4 6. Bxe4 Bxc3+ 7. bxc3 dxe4 8. Qg4 0-0 9. Bh6 g6 10. Bxf8 Kxf8 11. Qxe4 Bd7 12. Qxb7 Bc6 13. Qb4+ Kg8 14. Nf3 Bxf3 15. gxf3 Qd5 16. Ke2 Nd7 17. h4 Rb8 18. Qa4 Rb2 19. Rhb1 Rxb1 20. Rxb1 Nb6 21. Qb3 Qd8 22. h5 Qc8 23. hxg6 fxg6 24. Qa3 a6 25. Rh1 Nd5 26. Rh4 Qa8 27. c4 Nb6 28. Qe7 h5 29. Qxe6+ Kg7 30. Qf6+ Kh6 31. e6 Nxc4 32. e7 Nd6 33. Qf8+ 1-0

[Event "Provincial-ch Xativa Primera"]
[Site "Xativa"]
[Date "2012.11.03"]
[Round "4"]
[White "Serra Ujaldon, Pau"]
[Black "Benavent Tormo, Alfonso"]
[Result "0-1"]
[WhiteElo "1463"]
[BlackElo "1420"]
[PlyCount "46"]
[EventDate "2012.10.06"]
[EventType "swiss"]
[EventRounds "7"]
[EventCountry "ESP"]
[SourceTitle "EXT 2024"]
[Source "ChessBase"]
[SourceDate "2023.10.10"]
[SourceVersion "1"]
[SourceVersionDate "2023.10.10"]
[SourceQuality "1"]

1. d4 Nf6 2. c4 g6 3. Nc3 d5 4. cxd5 Nxd5 5. e4 Nxc3 6. bxc3 Bg7 7. Nf3 c5 8. Be3 0-0 9. Qd2 cxd4 10. cxd4 Nc6 11. Bh6 Bg4 12. Bxg7 Kxg7 13. d5 Bxf3 14. gxf3 Ne5 15. Qd4 f6 16. f4 Nf3+ 17. Kd1 Nxd4 18. Bh3 Qa5 19. Rc1 Qa4+ 20. Kd2 Qxa2+ 21. Ke3 Nb3 22. f5 Qd2+ 23. Kf3 Nxc1 0-1

[Event "Provincial-ch Xativa Primera"]
[Site "Xativa"]
[Date "2012.10.20"]
[Round "2"]
[White "Torres Miras, Manuel"]
[Black "Serra Ujaldon, Pau"]
[Result "1-0"]
[WhiteElo "1868"]
[BlackElo "1463"]
[PlyCount "133"]
[EventDate "2012.10.06"]
[EventType "swiss"]
[EventRounds "7"]
[EventCountry "ESP"]
[SourceTitle "EXT 2024"]
[Source "ChessBase"]
[SourceDate "2023.10.10"]
[SourceVersion "1"]
[SourceVersionDate "2023.10.10"]
[SourceQuality "1"]

1. d4 d5 2. c4 e6 3. Nc3 Nf6 4. Nf3 Bb4 5. e3 0-0 6. Bd2 b6 7. cxd5 Bxc3 8. bxc3 exd5 9. Bd3 Bb7 10. Qc2 Nbd7 11. Ne5 Nxe5 12. dxe5 Ne4 13. c4 Nxd2 14. Bxh7+ Kh8 15. Kxd2 g6 16. Bxg6 fxg6 17. f4 dxc4+ 18. Ke2 Qd3+ 19. Qxd3 cxd3+ 20. Kxd3 Rad8+ 21. Kc4 Bxg2 22. Rhg1 Be4 23. Rad1 a6 24. Rd4 Rxd4+ 25. Kxd4 Bf5 26. Kd5 Rd8+ 27. Kc6 Rd3 28. Kxc7 Rxe3 29. Kxb6 Re4 30. Rf1 Ra4 31. Rf2 Be6 32. Kc5 Rxa2 33. Rf3 Rxh2 34. Kd6 Bf5 35. Re3 Rd2+ 36. Ke7 Kg7 37. Ra3 Rd7+ 38. Ke8 Ra7 39. Ra5 Kh6 40. Kf8 Kh5 41. e6 Kg4 42. e7 Bd7 43. Rd5 Bc6 44. Rd6 Bb5 45. Rd5 Kxf4 46. Rd4+ Ke5 47. Rg4 Kf5 48. Rd4 g5 49. Rb4 g4 50. Rxb5+ axb5 51. e8Q Ra5 52. Qc8+ Ke4 53. Qxg4+ Kd3 54. Qb4 Ra4 55. Qxb5+ Rc4 56. Ke7 Kd4 57. Ke6 Rc5 58. Qb4+ Rc4 59. Qb6+ Kd3 60. Kd5 Kc3 61. Qe3+ Kb4 62. Qa7 Kb3 63. Qa6 Ra4 64. Qb5+ Rb4 65. Qd3+ Ka4 66. Kc5 Rb3 67. Qa6# 1-0

[Event "Provincial-ch Gandia Primera"]
[Site "Valencia Gandia"]
[Date "2011.11.05"]
[Round "4.6"]
[White "Serra Ujaldon, Pau"]
[Black "Cerda Revert, Jose Maria"]
[Result "0-1"]
[WhiteElo "1430"]
[BlackElo "1769"]
[PlyCount "80"]
[EventDate "2011.10.01"]
[EventType "swiss"]
[EventRounds "7"]
[EventCountry "ESP"]
[SourceTitle "EXT 2024"]
[Source "ChessBase"]
[SourceDate "2023.10.10"]
[SourceVersion "1"]
[SourceVersionDate "2023.10.10"]
[SourceQuality "1"]

1. d4 d5 2. c4 c6 3. Nc3 e6 4. a3 Nf6 5. e3 a6 6. Nf3 h6 7. Bd3 Nbd7 8. 0-0 Bd6 9. c5 Bc7 10. b4 0-0 11. a4 e5 12. Bc2 Re8 13. a5 Nf8 14. Na4 Bg4 15. h3 Bh5 16. dxe5 Bxe5 17. Rb1 Bc7 18. Bd3 Bg6 19. Bxg6 Nxg6 20. Nb6 Rb8 21. Nd2 Ne4 22. Nxe4 Rxe4 23. Bd2 Qg5 24. f4 Qe7 25. Rf3 Nh4 26. Rg3 Nf5 27. Rg4 Nxe3 28. Bxe3 Rxe3 29. Qd4 f6 30. Qd2 Re2 31. Qd3 Re4 32. Qd2 Rd8 33. Na4 d4 34. Nb2 d3 35. Nxd3 Re2 36. Qc3 Qe3+ 37. Kh1 Qxd3 38. Qxf6 Qxb1+ 39. Kh2 Rd7 40. Qxh6 Qe4 0-1